[Event "Istanbul op-A"]
[Site "Istanbul"]
[Date "2018.09.06"]
[Round "7"]
[White "Kuseyri, Mehmet Ali"]
[Black "Asgarov, Nihad"]
[Result "1/2-1/2"]
[WhiteElo "1962"]
[BlackElo "1937"]
[PlyCount "111"]
[EventDate "2018.09.02"]
[EventType "swiss"]
[EventRounds "9"]
[EventCountry "TUR"]
[SourceTitle "CBM 186 Extra"]
[Source "ChessBase"]
[SourceDate "2018.08.24"]
[SourceVersion "1"]
[SourceVersionDate "2018.08.24"]
[SourceQuality "1"]

1. d4 d5 2. c4 e6 3. Nc3 Be7 4. Nf3 Nf6 5. cxd5 exd5 6. Bf4 0-0 7. Qc2 c6 8. h3 Bd6 9. Bg5 h6 10. Bh4 Nbd7 11. g4 Qc7 12. g5 hxg5 13. Nxg5 Re8 14. 0-0-0 Nf8 15. Rg1 Bf4+ 16. e3 Rxe3 17. Kb1 Re8 18. Bd3 Ng6 19. Bxg6 fxg6 20. Qxg6 Bxg5 21. Rxg5 Qf7 22. Qxf7+ Kxf7 23. Rdg1 Rg8 24. R1g3 g6 25. Re5 Rh8 26. Bxf6 Kxf6 27. Ree3 Bf5+ 28. Kc1 Rh4 29. Ne2 Rah8 30. Ra3 a6 31. Rab3 R8h7 32. Rge3 Rxh3 33. Ng3 R3h4 34. Ne2 Rh2 35. Rf3 Rh1+ 36. Kd2 R1h4 37. Kc3 Re4 38. Ng3 Re1 39. Kb4 Rc1 40. Rbc3 Rd1 41. Rf4 Rd2 42. Rcf3 Rxb2+ 43. Ka3 Rd2 44. Nxf5 gxf5 45. Rxf5+ Ke6 46. Rf6+ Ke7 47. R6f4 Kd7 48. Kb3 Kc7 49. a3 Kb6 50. Kc3 Rd1 51. Kc2 Rhh1 52. Rb3+ Ka5 53. Rxb7 Rc1+ 54. Kd2 Rhd1+ 55. Ke2 Re1+ 56. Kd2 1/2-1/2

[Event "Istanbul op-A"]
[Site "Istanbul"]
[Date "2018.09.02"]
[Round "2"]
[White "Topac, Ahmet Eren"]
[Black "Kuseyri, Mehmet Ali"]
[Result "0-1"]
[WhiteElo "1803"]
[BlackElo "1962"]
[PlyCount "52"]
[EventDate "2018.09.02"]
[EventType "swiss"]
[EventRounds "9"]
[EventCountry "TUR"]
[SourceTitle "CBM 186 Extra"]
[Source "ChessBase"]
[SourceDate "2018.08.24"]
[SourceVersion "1"]
[SourceVersionDate "2018.08.24"]
[SourceQuality "1"]

1. e4 e5 2. Nf3 Nc6 3. d4 exd4 4. Ng1 Nb8 5. Nf3 Nc6 6. Nxd4 Nf6 7. Nc3 Bb4 8. Nxc6 bxc6 9. Bd3 0-0 10. Bg5 h6 11. Bh4 Re8 12. 0-0 g5 13. Bg3 Bxc3 14. bxc3 Nxe4 15. Qh5 Kg7 16. Rae1 d5 17. f4 Nxg3 18. hxg3 Rxe1 19. Rxe1 Bd7 20. Re5 gxf4 21. gxf4 Qf6 22. g4 Qxf4 23. g5 Qg3+ 24. Kh1 Rh8 25. Re7 Be6 26. g6 Rb8 0-1

[Event "TUR-chT 1st League"]
[Site "Konya"]
[Date "2018.07.21"]
[Round "8.3"]
[White "Kuseyri, Mehmet Ali"]
[Black "Sivuk, Vitaly"]
[Result "0-1"]
[WhiteElo "1979"]
[BlackElo "2521"]
[PlyCount "98"]
[EventDate "2018.07.16"]
[EventType "team-swiss"]
[EventRounds "9"]
[EventCountry "TUR"]
[SourceTitle "EXT 2019"]
[Source "ChessBase"]
[SourceDate "2018.10.10"]
[SourceVersion "1"]
[SourceVersionDate "2018.10.10"]
[SourceQuality "1"]
[WhiteTeam "Malatya Yesilyurt"]
[BlackTeam "Manisa Turkuaz"]
[WhiteTeamCountry "TUR"]
[BlackTeamCountry "TUR"]

1. d4 d6 2. c4 e5 3. d5 f5 4. e4 fxe4 5. Nc3 Bf5 6. Nge2 Bg6 7. Ng3 Nf6 8. Bg5 Be7 9. h4 h6 10. Bxf6 gxf6 11. Be2 0-0 12. Bh5 Bh7 13. Qg4+ Kh8 14. Bg6 Rg8 15. h5 Nd7 16. Qxe4 Nf8 17. Nf5 Nxg6 18. hxg6 Rxg6 19. Nxh6 Qd7 20. Nf5 Bf8 21. g4 Kg8 22. Rh5 Rg5 23. Rxg5+ fxg5 24. 0-0-0 Bg7 25. Ne2 Bxf5 26. gxf5 Rf8 27. Ng3 Qa4 28. Rd3 b5 29. cxb5 Qxb5 30. Rc3 Qb6 31. Qe3 e4 32. Qxb6 cxb6 33. Rc7 e3 34. fxe3 Be5 35. Ne4 Rxf5 36. Rxa7 g4 37. Rb7 g3 38. Nxg3 Bxg3 39. e4 Rf1+ 40. Kc2 Bf2 41. a4 Re1 42. Kd3 Re3+ 43. Kc4 Rxe4+ 44. Kb5 Bc5 45. a5 Rb4+ 46. Kc6 bxa5 47. Rd7 Rxb2 48. Rd8+ Kf7 49. Ra8 Bb4 0-1

[Event "TUR-chT 1st League"]
[Site "Konya"]
[Date "2018.07.17"]
[Round "3.5"]
[White "Kuseyri, Mehmet Ali"]
[Black "Arat, Ufuk Sezen"]
[Result "0-1"]
[WhiteElo "1979"]
[BlackElo "2372"]
[PlyCount "120"]
[EventDate "2018.07.16"]
[EventType "team-swiss"]
[EventRounds "9"]
[EventCountry "TUR"]
[SourceTitle "EXT 2019"]
[Source "ChessBase"]
[SourceDate "2018.10.10"]
[SourceVersion "1"]
[SourceVersionDate "2018.10.10"]
[SourceQuality "1"]
[WhiteTeam "Malatya Yesilyurt"]
[BlackTeam "Berk Tugra Caliskan"]
[WhiteTeamCountry "TUR"]
[BlackTeamCountry "TUR"]

1. d4 Nf6 2. c4 c5 3. d5 e6 4. Nc3 exd5 5. cxd5 d6 6. e4 g6 7. Bd3 a6 8. a4 Bg7 9. h3 0-0 10. Nf3 Nbd7 11. 0-0 Qc7 12. Re1 Re8 13. Bf4 Rb8 14. Rc1 Nh5 15. Be3 Ne5 16. Be2 Nxf3+ 17. Bxf3 Nf6 18. b4 cxb4 19. Nb5 Qd8 20. Nc7 Re7 21. Ba7 Nd7 22. e5 Bxe5 23. Bxb8 Nxb8 24. Qc2 Bc3 25. Rxe7 Qxe7 26. Na8 Nd7 27. Bg4 Qd8 28. Qe2 h5 29. Be6 Kg7 30. Bxf7 Nf6 31. Be6 Bxe6 32. Qxe6 Qxa8 33. Qe7+ Kh6 34. Qxd6 Qe8 35. Qf4+ Kg7 36. Qc7+ Qd7 37. d6 Kf7 38. Rc2 Be5 39. Qc4+ Kg7 40. Qxb4 Bxd6 41. Qc4 b5 42. axb5 axb5 43. Qc6 Qxc6 44. Rxc6 Be7 45. Rc7 Kf7 46. g3 Ke6 47. Kg2 b4 48. Rb7 Bc5 49. Kf3 Nd5 50. Ke2 Nb6 51. g4 hxg4 52. hxg4 b3 53. Kd3 Bxf2 54. Rg7 Kf6 55. Rg8 b2 56. Kc2 Bd4 57. Rd8 Be5 58. Rd3 Kg5 59. Rb3 Nc4 60. Kd3 Na3 0-1

[Event "TUR-chT 1st League"]
[Site "Konya"]
[Date "2018.07.16"]
[Round "1.3"]
[White "Eminov, Orkhan"]
[Black "Kuseyri, Mehmet Ali"]
[Result "1/2-1/2"]
[WhiteElo "2291"]
[BlackElo "1979"]
[PlyCount "95"]
[EventDate "2018.07.16"]
[EventType "team-swiss"]
[EventRounds "9"]
[EventCountry "TUR"]
[SourceTitle "EXT 2019"]
[Source "ChessBase"]
[SourceDate "2018.10.10"]
[SourceVersion "1"]
[SourceVersionDate "2018.10.10"]
[SourceQuality "1"]
[WhiteTeam "Denizli Metin Surmeli"]
[BlackTeam "Malatya Yesilyurt"]
[WhiteTeamCountry "TUR"]
[BlackTeamCountry "TUR"]

1. e4 e5 2. Nf3 Nc6 3. Nc3 Nf6 4. Bb5 Bb4 5. 0-0 0-0 6. d3 d6 7. Bg5 Ne7 8. Nh4 Be6 9. Kh1 a6 10. Ba4 Nd7 11. Bb3 Bxc3 12. bxc3 Nc5 13. Qf3 Nxb3 14. axb3 f6 15. Be3 Qd7 16. d4 g5 17. Nf5 Nxf5 18. exf5 Bxf5 19. Qxb7 Bxc2 20. Rfc1 Bg6 21. dxe5 fxe5 22. Rxa6 Rab8 23. Qc6 Qxc6 24. Rxc6 Rb7 25. Kg1 Be4 26. Rc4 Bd5 27. Rg4 Rxb3 28. Rxg5+ Kf7 29. h4 Rg8 30. Rxg8 Kxg8 31. Kh2 Bc4 32. Bg5 Kf7 33. Bd8 c6 34. Ba5 Ke6 35. f3 d5 36. Re1 Bd3 37. Kg3 Kf5 38. Rd1 e4 39. fxe4+ Bxe4 40. Rd2 c5 41. Rf2+ Ke6 42. Ra2 Kf5 43. Rf2+ Ke5 44. Kg4 d4 45. cxd4+ Kxd4 46. Kf4 c4 47. Re2 Bd3 48. Re7 1/2-1/2

[Event "TUR-chT 2nd League"]
[Site "Konya"]
[Date "2017.07.20"]
[Round "6.10"]
[White "Yetkin, Ayhan"]
[Black "Kuseyri, Mehmet Ali"]
[Result "1/2-1/2"]
[WhiteElo "1791"]
[BlackElo "2017"]
[PlyCount "67"]
[EventDate "2017.07.17"]
[EventType "team-swiss"]
[EventRounds "9"]
[EventCountry "TUR"]
[SourceTitle "CBM 179 Extra"]
[Source "ChessBase"]
[SourceDate "2017.08.23"]
[SourceVersion "1"]
[SourceVersionDate "2017.08.23"]
[SourceQuality "1"]
[WhiteTeam "Altin Hamle Corum"]
[BlackTeam "Istanbul Sisli"]
[WhiteTeamCountry "TUR"]
[BlackTeamCountry "TUR"]

1. d4 d5 2. c4 e6 3. Nf3 Nf6 4. g3 Bb4+ 5. Bd2 Bd6 6. Qc2 c6 7. Bg2 0-0 8. 0-0 Nbd7 9. b3 Ne4 10. Nc3 Nxd2 11. Nxd2 f5 12. e3 Qe8 13. f3 b6 14. Rae1 Ba6 15. e4 fxe4 16. fxe4 Qg6 17. Qc1 dxc4 18. bxc4 e5 19. d5 Bc5+ 20. Kh1 Nf6 21. Na4 Bd4 22. Nb3 c5 23. Nxd4 cxd4 24. Rf5 Ng4 25. Rg5 Nf2+ 26. Kg1 Nd3 27. Rxg6 Nxc1 28. Rc6 Nxa2 29. Nb2 Nb4 30. Re6 Rae8 31. Rxe8 Rxe8 32. Ra1 b5 33. cxb5 Bxb5 34. Rxa7 1/2-1/2

[Event "TUR-chT 2nd League"]
[Site "Konya"]
[Date "2017.07.17"]
[Round "1.13"]
[White "Kuseyri, Mehmet Ali"]
[Black "Soylemez, Baris"]
[Result "1/2-1/2"]
[WhiteElo "2017"]
[BlackElo "1707"]
[PlyCount "200"]
[EventDate "2017.07.17"]
[EventType "team-swiss"]
[EventRounds "9"]
[EventCountry "TUR"]
[SourceTitle "CBM 179 Extra"]
[Source "ChessBase"]
[SourceDate "2017.08.23"]
[SourceVersion "1"]
[SourceVersionDate "2017.08.23"]
[SourceQuality "1"]
[WhiteTeam "Istanbul Sisli"]
[BlackTeam "Ayidin Nazilli Belediyesi"]
[WhiteTeamCountry "TUR"]
[BlackTeamCountry "TUR"]

1. d4 Nf6 2. Nf3 e6 3. Bf4 d5 4. e3 Bd6 5. Bg3 Bxg3 6. hxg3 Nbd7 7. Nbd2 c5 8. c3 b6 9. Ne5 Bb7 10. Bd3 h6 11. Ndf3 Qc7 12. a4 c4 13. Bc2 a6 14. g4 Rf8 15. Qe2 b5 16. Ra3 Qd6 17. axb5 axb5 18. Rxa8+ Bxa8 19. 0-0 Ke7 20. Ra1 Bb7 21. Qe1 Ra8 22. Rxa8 Bxa8 23. Qa1 Bb7 24. Qa5 Qa6 25. Qb4+ Ke8 26. Nxd7 Nxd7 27. Kh2 Qb6 28. g5 hxg5 29. Nxg5 Nf8 30. f4 f6 31. Nf3 Kf7 32. Nh4 Qc6 33. Qa5 Bc8 34. Qa7+ Bd7 35. Qb8 Qc8 36. Qa7 Qc6 37. Qa5 Qd6 38. g3 Qc6 39. Qa3 Qb7 40. Bd1 Qc6 41. Bh5+ g6 42. Bf3 Nh7 43. Qa5 Nf8 44. Bd1 Qd6 45. Nf3 Qc6 46. g4 e5 47. dxe5 Bxg4 48. exf6 Bxf3 49. Bxf3 Kxf6 50. Qd8+ Kg7 51. Bxd5 Qc5 52. Bg2 Qxe3 53. Qc7+ Kh6 54. Qe5 Qxe5 55. fxe5 Ne6 56. Bc6 Nc7 57. Kg3 Kg5 58. Bd7 Kh6 59. Kf3 Kg7 60. Ke4 Kf7 61. Kd4 Ke7 62. Bc8 Ne6+ 63. Kd5 Nf4+ 64. Kc5 Nd3+ 65. Kxb5 Nxb2 66. Kc5 Na4+ 67. Kd4 Nb2 68. Bb7 Ke6 69. Bd5+ Ke7 70. Bf3 Ke6 71. Bg4+ Ke7 72. Bc8 Na4 73. Ba6 Nb2 74. Bb5 Ke6 75. Bc6 Ke7 76. Be4 g5 77. Bf5 Kf7 78. Kd5 Ke7 79. Kd4 Kf7 80. Bc8 Ke7 81. Kd5 Na4 82. Kd4 Nb2 83. Ba6 Ke6 84. Bb7 Ke7 85. Bf3 Ke6 86. Bg4+ Ke7 87. Bf5 Kf7 88. Bc2 Ke6 89. Be4 Ke7 90. Bf5 Kf7 91. Kc5 Ke7 92. Bh3 Nd3+ 93. Kd4 Nb2 94. Bf1 Ke6 95. Bh3+ Ke7 96. Bg4 Kf7 97. e6+ Ke7 98. Ke5 Na4 99. Kd4 Nb2 100. Ke5 Na4 1/2-1/2

[Event "TUR-chT"]
[Site "Denizli"]
[Date "2013.07.04"]
[Round "7.4"]
[White "Kuseyri, Mehmet Ali"]
[Black "Metin, Mehmet"]
[Result "1/2-1/2"]
[WhiteElo "2050"]
[BlackElo "2214"]
[PlyCount "73"]
[EventDate "2013.06.29"]
[EventType "team-tourn"]
[EventRounds "13"]
[EventCountry "TUR"]
[SourceTitle "CBM 155 Extra"]
[Source "ChessBase"]
[SourceDate "2013.08.26"]
[SourceVersion "1"]
[SourceVersionDate "2013.08.26"]
[SourceQuality "1"]
[WhiteTeam "Ceyhan Belediye"]
[BlackTeam "Er Bakir"]
[WhiteTeamCountry "TUR"]
[BlackTeamCountry "TUR"]

1. d4 Nf6 2. c4 e5 3. dxe5 Ng4 4. Bf4 Nc6 5. Nf3 Bb4+ 6. Nbd2 Qe7 7. a3 Bxd2+ 8. Qxd2 Ngxe5 9. Nxe5 Nxe5 10. Qc3 f6 11. g3 d6 12. Bg2 c6 13. 0-0 Bg4 14. Bd2 0-0 15. f4 Nd7 16. e4 Nc5 17. Rae1 a5 18. Qe3 a4 19. e5 fxe5 20. fxe5 Qxe5 21. Qxe5 dxe5 22. Rxe5 Nd7 23. Re7 Rae8 24. Rfe1 Rxe7 25. Rxe7 Rf7 26. Re8+ Rf8 27. Rxf8+ Kxf8 28. Be4 g6 29. Bc2 Be6 30. Bxa4 Bxc4 31. Kf2 Ke7 32. Ke3 Ke6 33. Kd4 Bd5 34. Bd1 Ne5 35. Bf4 Nf3+ 36. Bxf3 Bxf3 37. h4 1/2-1/2

[Event "TUR-chT"]
[Site "Denizli"]
[Date "2013.07.03"]
[Round "5.4"]
[White "Kuseyri, Mehmet Ali"]
[Black "Haznedaroglu, Kivanc"]
[Result "0-1"]
[WhiteElo "2050"]
[BlackElo "2427"]
[PlyCount "56"]
[EventDate "2013.06.29"]
[EventType "team-tourn"]
[EventRounds "13"]
[EventCountry "TUR"]
[SourceTitle "CBM 155 Extra"]
[Source "ChessBase"]
[SourceDate "2013.08.26"]
[SourceVersion "1"]
[SourceVersionDate "2013.08.26"]
[SourceQuality "1"]
[WhiteTeam "Ceyhan Belediye"]
[BlackTeam "Akdeniz Belediyesi"]
[WhiteTeamCountry "TUR"]
[BlackTeamCountry "TUR"]

1. d4 Nf6 2. c4 e6 3. Nc3 Bb4 4. Nf3 b6 5. Bg5 h6 6. Bh4 Bb7 7. e3 0-0 8. Bd3 d5 9. 0-0 dxc4 10. Bxc4 Nbd7 11. Qa4 Be7 12. Qc2 Nd5 13. Bg3 N7f6 14. Nxd5 exd5 15. Bd3 c5 16. dxc5 bxc5 17. h3 Qb6 18. Nh4 Rfd8 19. Qe2 Bf8 20. b3 Re8 21. Rfe1 Rad8 22. Qc2 Ne4 23. Bxe4 dxe4 24. f4 Rd3 25. Rad1 Red8 26. Rxd3 exd3 27. Qd2 c4 28. bxc4 Bb4 0-1

[Event "TUR-chT"]
[Site "Denizli"]
[Date "2013.07.02"]
[Round "4.4"]
[White "Firat, Burak"]
[Black "Kuseyri, Mehmet Ali"]
[Result "1-0"]
[WhiteElo "2414"]
[BlackElo "2050"]
[PlyCount "87"]
[EventDate "2013.06.29"]
[EventType "team-tourn"]
[EventRounds "13"]
[EventCountry "TUR"]
[SourceTitle "CBM 155 Extra"]
[Source "ChessBase"]
[SourceDate "2013.08.26"]
[SourceVersion "1"]
[SourceVersionDate "2013.08.26"]
[SourceQuality "1"]
[WhiteTeam "Alyans Satranc"]
[BlackTeam "Ceyhan Belediye"]
[WhiteTeamCountry "TUR"]
[BlackTeamCountry "TUR"]

1. e4 e5 2. Nf3 Nc6 3. d4 exd4 4. Nxd4 Nf6 5. Nxc6 bxc6 6. e5 Qe7 7. Qe2 Nd5 8. c4 Ba6 9. Nd2 g6 10. Nf3 Bg7 11. Bg5 Qb4+ 12. Qd2 Qxd2+ 13. Kxd2 Ne7 14. Re1 h6 15. Bf6 Kf8 16. Bxg7+ Kxg7 17. Kc3 c5 18. Nd2 Bb7 19. Nb3 Rhe8 20. Nxc5 Bc6 21. f3 Nf5 22. Bd3 Nh4 23. Rhg1 d6 24. Na6 Rxe5 25. Rxe5 dxe5 26. Nxc7 Rc8 27. Na6 f5 28. Nb4 Ba8 29. Nc2 Kf6 30. Ne3 h5 31. b4 e4 32. fxe4 fxe4 33. Be2 Ke5 34. c5 Rf8 35. Rf1 Rxf1 36. Bxf1 Nf5 37. Nxf5 gxf5 38. b5 Kd5 39. c6 f4 40. a4 h4 41. h3 f3 42. gxf3 exf3 43. a5 Kd6 44. a6 1-0

[Event "TUR-chT"]
[Site "Denizli"]
[Date "2013.06.29"]
[Round "1.4"]
[White "Kuseyri, Mehmet Ali"]
[Black "Gvetadze, Sofio"]
[Result "1-0"]
[WhiteElo "2050"]
[BlackElo "2339"]
[PlyCount "129"]
[EventDate "2013.06.29"]
[EventType "team-tourn"]
[EventRounds "13"]
[EventCountry "TUR"]
[SourceTitle "CBM 155 Extra"]
[Source "ChessBase"]
[SourceDate "2013.08.26"]
[SourceVersion "1"]
[SourceVersionDate "2013.08.26"]
[SourceQuality "1"]
[WhiteTeam "Ceyhan Belediye"]
[BlackTeam "Ezgi Kulubu"]
[WhiteTeamCountry "TUR"]
[BlackTeamCountry "TUR"]

1. d4 c5 2. d5 d6 3. c4 g6 4. Nc3 Bg7 5. Nf3 Nf6 6. h3 0-0 7. Bf4 Na6 8. e3 Nc7 9. Be2 a6 10. a4 Rb8 11. 0-0 Bd7 12. e4 b5 13. axb5 axb5 14. e5 Nfe8 15. Ne4 Bf5 16. Ng3 Bc8 17. Qd2 bxc4 18. Bxc4 Rb4 19. b3 Bd7 20. Bh6 Bb5 21. Rac1 f6 22. Bxg7 Kxg7 23. exf6+ exf6 24. Rfe1 Bd7 25. Re4 Rf7 26. Rce1 Kg8 27. h4 Ng7 28. h5 gxh5 29. Qf4 Qf8 30. Nh4 f5 31. R4e2 Nxd5 32. Qg5 Bc6 33. Bxd5 Bxd5 34. Re8 Rg4 35. Rxf8+ Rxf8 36. Qd2 Bxb3 37. Re7 f4 38. Ne4 f3 39. Qc3 Kh8 40. Qxb3 Rxh4 41. Ng5 h6 42. Nf7+ Kg8 43. Nxd6+ Kh7 44. Qd3+ Kh8 45. Qg6 Rg4 46. Nf7+ Rxf7 47. Qxf7 fxg2 48. Qf8+ Kh7 49. Qf5+ Kh8 50. Qxc5 Rg5 51. Qc8+ Kh7 52. Qc2+ Kh8 53. Ra7 Kg8 54. Ra8+ Kf7 55. Qc7+ Kg6 56. Ra6+ Kh7 57. Qc6 Nf5 58. f4 Rg7 59. Qf6 Ne7 60. Qxh6+ Kg8 61. Ra8+ Kf7 62. Qxh5+ Ke6 63. Qe5+ Kf7 64. Ra7 Kf8 65. Qxg7+ 1-0

[Event "Istanbul op-A 11th"]
[Site "Istanbul"]
[Date "2012.08.31"]
[Round "2"]
[White "Albay, Koraycan"]
[Black "Kuseyri, Mehmet Ali"]
[Result "0-1"]
[WhiteElo "1843"]
[BlackElo "2037"]
[PlyCount "112"]
[EventDate "2012.08.30"]
[EventType "swiss"]
[EventRounds "9"]
[EventCountry "TUR"]
[SourceTitle "CBM 150 Extra"]
[Source "ChessBase"]
[SourceDate "2012.10.19"]
[SourceVersion "1"]
[SourceVersionDate "2012.10.19"]
[SourceQuality "1"]

1. d4 d5 2. c4 c6 3. Nf3 Nf6 4. b3 Bf5 5. e3 e6 6. Be2 Bxb1 7. Rxb1 Qa5+ 8. Bd2 Qxa2 9. Bc3 Ne4 10. Bb2 Qa5+ 11. Kf1 Nd7 12. Ra1 Qc7 13. Nd2 Ndf6 14. f3 Nxd2+ 15. Qxd2 Bd6 16. Bd3 b6 17. e4 dxe4 18. fxe4 Bf4 19. Qe2 h5 20. h3 h4 21. Qf3 Nh5 22. e5 Ng3+ 23. Kg1 g5 24. Be4 Nxe4 25. Qxe4 0-0 26. Rf1 f5 27. exf6 Rxf6 28. g3 hxg3 29. h4 Raf8 30. hxg5 Be3+ 31. Kg2 Rxf1 32. Rh8+ Kxh8 33. d5+ R8f6 34. Bxf6+ Rxf6 35. gxf6 cxd5 36. Qxe6 Bg5 37. Qe8+ Kh7 38. f7 Be7 39. Qg8+ Kh6 40. f8Q+ Bxf8 41. Qxf8+ Qg7 42. Qd6+ Qg6 43. Qf4+ Kh7 44. Qc7+ Qg7 45. Qf4 Qb2+ 46. Kxg3 Qxb3+ 47. Kg2 Qc2+ 48. Kg3 Qd3+ 49. Kg2 Qe2+ 50. Kg3 Qe1+ 51. Kg4 Qe6+ 52. Kg3 dxc4 53. Qc7+ Kg6 54. Qxa7 Qe5+ 55. Kf3 b5 56. Qb6+ Qf6+ 0-1